[Event "Int. Stuttgarter Stadtmeisterschaft B"]
[Site "Ditzingen"]
[Date "2014.05.29"]
[Round "1.26"]
[White "Wurm, Frank"]
[Black "Hahn, Lilli"]
[Result "0-1"]
[WhiteElo "1593"]
[BlackElo "1773"]
[PlyCount "72"]
[EventDate "2014.??.??"]
[WhiteTeam "SF Simmersfeld"]
[BlackTeam "SV Balingen"]

1. e4 c5 2. Nc3 e6 3. Nf3 a6 4. Be2 Nc6 5. O-O d5 6. exd5 exd5 7. d4 cxd4 8.
Nxd4 Nf6 9. Bf3 Be7 10. Re1 O-O 11. Nce2 h6 12. c3 Ne5 13. Nf4 Nxf3+ 14. Nxf3
b5 15. a4 b4 16. cxb4 Bxb4 17. Bd2 Rb8 18. Bxb4 Rxb4 19. Nd3 Re4 20. Nde5 Qb6
21. Qd2 Bf5 22. Rec1 Re8 23. Rc6 Qb7 24. Qc3 Re2 25. Rc1 Rxf2 26. Rxf6 Rxf3 27.
Nxf3 gxf6 28. Qxf6 Bg6 29. h3 Qa7+ 30. Kh2 Qb8+ 31. Kg1 Re2 32. Qxa6 Qxb2 33.
Qc8+ Kh7 34. Ne1 Qd4+ 35. Kh2 Qf4+ 36. Kh1 Qg3 0-1

[Event "Int. Stuttgarter Stadtmeisterschaft B"]
[Site "Ditzingen"]
[Date "2014.05.29"]
[Round "1.27"]
[White "Tölg, Wolfgang"]
[Black "Lehnhardt, Julian"]
[Result "1-0"]
[WhiteElo "1772"]
[BlackElo "1593"]
[PlyCount "59"]
[EventDate "2014.??.??"]
[WhiteTeam "SF Oeffingen e.V."]
[BlackTeam "SV Weil der Stadt"]

1. e4 e5 2. f4 Nc6 3. Nf3 d6 4. Bc4 Be7 5. O-O Nf6 6. Nc3 exf4 7. d4 Bg4 8.
Bxf4 Nxe4 9. Nxe4 d5 10. Nc3 dxc4 11. d5 Bc5+ 12. Kh1 Ne7 13. Qe2 Bd6 14. Bxd6
Qxd6 15. Qxc4 Bxf3 16. Rxf3 Rd8 17. Nb5 Qe5 18. Nxc7+ Kd7 19. d6 Nc6 20. Rxf7+
Kc8 21. Na6 Qxd6 22. Rc7+ Qxc7 23. Nxc7 Kxc7 24. Rf1 Rd7 25. h3 Rhd8 26. c3 Kb8
27. Rf2 h5 28. Qh4 g6 29. Qg5 Ne7 30. Rf7 1-0

[Event "Int. Stuttgarter Stadtmeisterschaft B"]
[Site "Ditzingen"]
[Date "2014.05.29"]
[Round "1.28"]
[White "Thakkar, Amish"]
[Black "Zimmermann, Tobias"]
[Result "0-1"]
[WhiteElo "1585"]
[BlackElo "1768"]
[PlyCount "128"]
[EventDate "2014.??.??"]
[WhiteTeam "Rochade Metzingen e.V."]
[BlackTeam "SC Schachmatt Botnang"]

1. e4 c5 2. Nf3 d6 3. d4 cxd4 4. Nxd4 Nf6 5. Nc3 a6 6. Be2 e6 7. Bg5 Nbd7 8.
O-O Qc7 9. f4 b5 10. a3 Bb7 11. Bf3 Be7 12. Kh1 h6 13. Bh4 O-O 14. f5 e5 15.
Nde2 Nc5 16. Bxf6 Bxf6 17. Nd5 Bxd5 18. Qxd5 Na4 19. b3 Nb6 20. Qd2 Rac8 21.
Ra2 Rfd8 22. Rd1 Be7 23. Ng3 Nd7 24. Nf1 Nf6 25. Ne3 Qc3 26. Qf2 Qc5 27. Rd3 d5
28. Ng4 Nxg4 29. Qxc5 Bxc5 30. Bxg4 dxe4 31. Rxd8+ Rxd8 32. c4 bxc4 33. bxc4 e3
34. g3 Rd2 35. Ra1 e2 36. Re1 Rd1 37. Rxd1 exd1=Q+ 38. Bxd1 Bxa3 39. Kg2 Kf8
40. Kf3 Ke7 41. Ke4 Kd6 42. g4 Bb2 43. Be2 Kc5 44. Kd3 a5 45. Kc2 Ba1 46. Kb3
Kd4 47. Ka4 Bc3 48. Kb5 Bb4 49. c5 Bxc5 50. Kxa5 Ke3 51. Bc4 Kf3 52. g5 hxg5
53. Bxf7 Kg2 54. Kb5 Be7 55. Kc4 Kxh2 56. Kd5 Bf6 57. Bh5 Kg3 58. Ke4 Kh4 59.
Bd1 g4 60. Ke3 g3 61. Ke2 Kh3 62. Kf1 g2+ 63. Kg1 e4 64. Be2 Bd4# 0-1

[Event "Int. Stuttgarter Stadtmeisterschaft B"]
[Site "Ditzingen"]
[Date "2014.05.29"]
[Round "1.29"]
[White "Kissel, Ralf"]
[Black "Gheng, Dominik"]
[Result "0-1"]
[WhiteElo "1759"]
[BlackElo "1556"]
[PlyCount "82"]
[EventDate "2014.??.??"]
[WhiteTeam "SK 1912 Ludwigshafen"]
[BlackTeam "Schach-Kids Bernhausen e.V."]

1. d4 d5 2. Nf3 e6 3. e3 Nf6 4. Bd3 Be7 5. O-O O-O 6. Nbd2 b6 7. b3 Bb7 8. Bb2
c5 9. Ne5 Nbd7 10. f4 Nxe5 11. fxe5 Nd7 12. Qg4 Bg5 13. Rf3 cxd4 14. Bxd4 Nc5
15. Be2 g6 16. Rg3 Bh6 17. h4 Qc7 18. h5 Nd7 19. hxg6 hxg6 20. Bd3 Nxe5 21. Qh4
Bg7 22. Rh3 f5 23. Rf1 Bf6 24. Qg3 Qg7 25. Be2 Kf7 26. Nf3 Nxf3+ 27. Bxf3 Bxd4
28. exd4 Qxd4+ 29. Kh2 Kf6 30. Re1 e5 31. Rd1 Qe3 32. Qh4+ Qg5 33. Bxd5 Qxh4
34. Rxh4 Rad8 35. c4 Bxd5 36. cxd5 e4 37. Rh7 Rf7 38. Rxf7+ Kxf7 39. g4 Kf6 40.
Kg3 Ke5 41. gxf5 gxf5 0-1

[Event "Int. Stuttgarter Stadtmeisterschaft B"]
[Site "Ditzingen"]
[Date "2014.05.29"]
[Round "1.30"]
[White "Schmidt, Heiko"]
[Black "Reichardt, Bernd"]
[Result "1/2-1/2"]
[WhiteElo "1578"]
[BlackElo "1759"]
[PlyCount "102"]
[EventDate "2014.??.??"]
[WhiteTeam "SC Stetten a.d.F."]
[BlackTeam "SF Markgräflerland e."]

1. d4 d5 2. Nf3 e6 3. Bf4 c5 4. c3 Qb6 5. Qb3 Nc6 6. Nbd2 Nf6 7. e3 Be7 8. Be2
O-O 9. Ne5 Nxe5 10. Bxe5 Nd7 11. Bg3 cxd4 12. exd4 a5 13. a4 Qxb3 14. Nxb3 b6
15. Bb5 Ra7 16. Bd3 Ba6 17. Bc2 g6 18. h4 h5 19. O-O-O Rc8 20. Rde1 Rc6 21. Kb1
Kg7 22. Re3 Bd6 23. Bxd6 Rxd6 24. Rhe1 Ra8 25. Nd2 b5 26. axb5 Bxb5 27. Ka2 Rb6
28. f3 Rab8 29. b3 Rc8 30. Ka3 Rbc6 31. Nb1 Nb6 32. Bd3 Bxd3 33. Rxd3 Kf6 34.
g4 hxg4 35. fxg4 Rh8 36. Rf1+ Kg7 37. Rh1 a4 38. b4 Nc4+ 39. Ka2 g5 40. h5 f5
41. Rg3 f4 42. Rd3 Kh6 43. Rg1 Re8 44. Na3 e5 45. Nxc4 Rxc4 46. dxe5 Rxe5 47.
Ka3 Re3 48. Rxd5 Rcxc3+ 49. Kxa4 Ra3+ 50. Kb5 Rad3 51. Rf5 Re6 1/2-1/2

[Event "Int. Stuttgarter Stadtmeisterschaft B"]
[Site "Ditzingen"]
[Date "2014.05.29"]
[Round "1.31"]
[White "Lechler, Walter"]
[Black "Fischer, Reinhardt"]
[Result "1-0"]
[WhiteElo "1561"]
[BlackElo "1756"]
[PlyCount "58"]
[EventDate "2014.??.??"]
[WhiteTeam "SK Dinkelsbühl e.V."]
[BlackTeam "SK 1912 Ludwigshafen"]

1. e4 c5 2. Nf3 e6 3. d4 cxd4 4. Nxd4 Nf6 5. Bd3 Be7 6. O-O O-O 7. c4 d6 8. Nc3
h6 9. Be3 Nbd7 10. Qe2 b6 11. Nc6 Qe8 12. Rac1 Bb7 13. Nxe7+ Qxe7 14. Rfd1 Rab8
15. h3 Nc5 16. Bxc5 bxc5 17. b3 Nd7 18. Qh5 a6 19. Qe2 Ne5 20. Bb1 Nc6 21. Qe3
Nd4 22. Ne2 e5 23. Nxd4 exd4 24. Qf4 Bc6 25. Re1 Rbd8 26. Bd3 g6 27. f3 Qc7 28.
Qd2 Rfe8 29. b4 Qd7 {Rest unleserlich.} 1-0

[Event "Int. Stuttgarter Stadtmeisterschaft B"]
[Site "Ditzingen"]
[Date "2014.05.29"]
[Round "1.32"]
[White "Helmich, Jörg"]
[Black "Boschmann, Werner"]
[Result "0-1"]
[WhiteElo "1749"]
[BlackElo "1550"]
[PlyCount "100"]
[EventDate "2014.??.??"]
[WhiteTeam "Regensb. Turnerschaft"]
[BlackTeam "SC Widdern"]

1. d4 Nf6 2. c4 d5 3. cxd5 Qxd5 4. Nc3 Qd8 5. Nf3 e6 6. Bg5 Be7 7. e3 O-O 8.
Bd3 Nbd7 9. O-O b6 10. Rc1 Bb7 11. Nb5 c6 12. Nc3 h6 13. Bxf6 Nxf6 14. Ne4 Qd5
15. Nxf6+ Bxf6 16. Bc4 Qh5 17. Ne5 Qxd1 18. Rfxd1 Rfd8 19. Be2 Bxe5 20. dxe5
Kf8 21. Bf3 Ke7 22. Rd4 Rac8 23. Rcd1 Rxd4 24. Rxd4 Rc7 25. Kf1 c5 26. Rd6 Bxf3
27. gxf3 Rd7 28. Rxd7+ Kxd7 29. Ke2 Kc6 30. Kd3 b5 31. b3 Kd5 32. f4 c4+ 33.
bxc4+ bxc4+ 34. Kc3 g6 35. h4 Kc5 36. f3 h5 37. e4 Kb5 38. f5 gxf5 39. exf5
exf5 40. f4 Kc5 41. a3 a6 42. Kc2 Kd4 43. a4 a5 44. Kd2 c3+ 45. Kc2 Kc4 46. Kc1
Kb3 47. Kb1 Kxa4 48. Kc2 Kb4 49. Kb1 Kb3 50. Ka1 Kc2 0-1

[Event "Int. Stuttgarter Stadtmeisterschaft B"]
[Site "Ditzingen"]
[Date "2014.05.29"]
[Round "1.33"]
[White "Kovac, Marijo"]
[Black "Notz, Lukas"]
[Result "1-0"]
[WhiteElo "1549"]
[BlackElo "1743"]
[PlyCount "93"]
[EventDate "2014.??.??"]
[WhiteTeam "SC Schachmatt Botnang"]
[BlackTeam "SV Dettingen Erms"]

1. d4 d5 2. c4 e6 3. Nc3 Nf6 4. Bg5 Nbd7 5. cxd5 exd5 6. e3 c6 7. Bd3 Be7 8.
Nge2 O-O 9. O-O Re8 10. Qc2 Nf8 11. f3 Be6 12. Nf4 h6 13. Bh4 Rc8 14. a3 a6 15.
b4 a5 16. Rab1 axb4 17. axb4 Qc7 18. Nxe6 fxe6 19. e4 Nxe4 20. Bxe7 Nxc3 21.
Qxc3 Qxe7 22. Rfe1 Qd6 23. Re5 Nd7 24. Re2 Re7 25. Rbe1 Rf8 26. Bc2 Rf6 27. Ra1
e5 28. Qe1 Kf7 29. Ra7 Qb8 30. Qa1 g6 31. Qa5 Re8 32. Bd3 e4 33. fxe4 Qf4 34.
Qa1 Re7 35. e5 Qg4 36. h3 Qh5 37. Rxb7 Rfe6 38. Rf2+ Kg8 39. Rxd7 Rxd7 40. Qa8+
Kg7 41. Qf8+ Kh7 42. Rf7+ Rxf7 43. Qxf7+ Kh8 44. Qxe6 Qd1+ 45. Kh2 Qxd3 46.
Qf6+ Kh7 47. e6 1-0

[Event "Int. Stuttgarter Stadtmeisterschaft B"]
[Site "Ditzingen"]
[Date "2014.05.29"]
[Round "1.34"]
[White "Hamm, Julian"]
[Black "Fürderer, Carl"]
[Result "1-0"]
[WhiteElo "1743"]
[BlackElo "1547"]
[PlyCount "96"]
[EventDate "2014.??.??"]
[WhiteTeam "Mönchfelder SV 1967"]
[BlackTeam "SC Weiße Dame Ulm e.V."]

1. c4 c5 2. Nc3 Nc6 3. g3 b6 4. Bg2 Bb7 5. Nf3 Nf6 6. O-O e6 7. d3 Be7 8. Bf4
d6 9. a3 Qd7 10. Rb1 h6 11. b4 g5 12. Be3 g4 13. Ne1 Nd4 14. Bxd4 cxd4 15. Nb5
Bxg2 16. Nxg2 e5 17. a4 a6 18. Na3 d5 19. Qb3 dxc4 20. Nxc4 Qc7 21. f4 gxf3 22.
Rxf3 Nd5 23. Nce3 Nc3 24. Qxf7+ Kd8 25. Nd5 Qb7 26. Nxc3 dxc3 27. Qb3 Rc8 28.
Rc1 Qc6 29. Rc2 Rf8 30. Rxf8+ Bxf8 31. e4 a5 32. b5 Qc5+ 33. Kf1 Qd4 34. Qd5+
Qxd5 35. exd5 Bb4 36. Ne3 Rc5 37. Kf2 Kd7 38. Kf3 Kd6 39. Ke4 Rc8 40. Nc4+
Rxc4+ 41. dxc4 Kc5 42. Kd3 e4+ 43. Kxe4 Kxc4 44. g4 Kb3 45. Kd3 Kxa4 46. Kc4
Bd6 47. Ra2+ Ba3 48. Rxa3+ Kxa3 1-0

[Event "Int. Stuttgarter Stadtmeisterschaft B"]
[Site "Ditzingen"]
[Date "2014.05.29"]
[Round "1.35"]
[White "Dallinger, Moritz"]
[Black "Narr, Matthias"]
[Result "0-1"]
[WhiteElo "1544"]
[BlackElo "1743"]
[PlyCount "56"]
[EventDate "2014.??.??"]
[WhiteTeam "SV Stuttgart-Wolfbusch 1956 e.V."]
[BlackTeam "SR Heuberg-Gosheim"]

1. e4 d5 2. exd5 Qxd5 3. Nf3 Nf6 4. Nc3 Qd6 5. d4 a6 6. Bc4 b5 7. Bb3 Bb7 8.
Be3 e6 9. Ne5 Be7 10. O-O O-O 11. Ng4 Nbd7 12. a4 Qc6 13. Nxf6+ Nxf6 14. f3 b4
15. Na2 a5 16. c3 Nd5 17. Bd2 bxc3 18. Nxc3 Nb4 19. Rc1 Nd3 20. Rc2 Qb6 21. Be3
Qxb3 22. Qxd3 Ba6 23. Qe4 f5 24. Qc6 Bxf1 25. Kxf1 Qxc2 26. Qxe6+ Kh8 27. Qxe7
Rae8 28. Qc5 Qd3+ 0-1

[Event "Int. Stuttgarter Stadtmeisterschaft B"]
[Site "Ditzingen"]
[Date "2014.05.29"]
[Round "1.36"]
[White "Zaytsev, Evgeny"]
[Black "Schwarz, Manuel"]
[Result "1-0"]
[WhiteElo "1736"]
[BlackElo "1537"]
[PlyCount "51"]
[EventDate "2014.??.??"]
[WhiteTeam "Stuttgarter SF 1879"]
[BlackTeam "SVG Vaihingen/Enz"]

1. e4 c5 2. Nf3 d6 3. c3 Nf6 4. Bb5+ Bd7 5. Qe2 Nc6 6. O-O g6 7. d4 cxd4 8.
cxd4 Bg7 9. Nc3 O-O 10. e5 Ne8 11. Bg5 h6 12. Bh4 g5 13. Bg3 Bg4 14. Qe4 Bxf3
15. gxf3 f5 16. exf6 Nxf6 17. Qe6+ Kh8 18. Rad1 Nh5 19. d5 Nd4 20. Rxd4 Bxd4
21. Qxh6+ Kg8 22. Qxh5 Bf6 23. Bd3 Rf7 24. Bf5 Rg7 25. Be6+ Kf8 26. Qh8+ 1-0

[Event "Int. Stuttgarter Stadtmeisterschaft B"]
[Site "Ditzingen"]
[Date "2014.05.29"]
[Round "1.37"]
[White "Haro, Niel"]
[Black "Hornung, Richard"]
[Result "0-1"]
[WhiteElo "1526"]
[BlackElo "1734"]
[PlyCount "82"]
[EventDate "2014.??.??"]
[WhiteTeam "Stuttgarter SF 1879"]
[BlackTeam "SG Schwabing M�nchen Nord e.V."]

1. Nf3 Nf6 2. d4 d5 3. Nc3 e6 4. g3 Be7 5. Bg2 O-O 6. O-O c6 7. Bf4 Nbd7 8. Re1
Nh5 9. Bd2 f5 10. Ne5 Nhf6 11. Bf4 Ne4 12. Qd3 g5 13. Nxd7 Bxd7 14. Be5 a5 15.
Nd1 Bb4 16. c3 Bd6 17. f3 Bxe5 18. fxe4 fxe4 19. Qe3 Bg7 20. Nf2 h6 21. Bh3 e5
22. Bxd7 Qxd7 23. dxe5 Bxe5 24. Rad1 b5 25. Nxe4 Bb8 26. Kg2 Qe7 27. Nf6+ Qxf6
28. Rf1 Qd6 29. Rxf8+ Kxf8 30. Rf1+ Kg7 31. Qe8 Ra7 32. Qe3 Re7 33. Qd2 Ba7 34.
Re1 Rf7 35. e3 Qe6 36. Kg1 Qe4 37. Re2 Rf3 38. b4 axb4 39. cxb4 Bxe3+ 40. Rxe3
Rxe3 41. Qb2+ d4 0-1

[Event "Int. Stuttgarter Stadtmeisterschaft B"]
[Site "Ditzingen"]
[Date "2014.05.29"]
[Round "1.38"]
[White "Bauer, Dieter"]
[Black "Sigmund, Wolfgang"]
[Result "1/2-1/2"]
[WhiteElo "1733"]
[BlackElo "1520"]
[PlyCount "66"]
[EventDate "2014.??.??"]
[WhiteTeam "SF 47 Neckartenzlingen"]
[BlackTeam "SC Eberbach"]

1. d4 d5 2. Bg5 Bf5 3. e3 Nd7 4. Nd2 Ngf6 5. Ngf3 h6 6. Bh4 e6 7. Bg3 Bb4 8. c3
Ba5 9. b4 Bb6 10. Be2 a5 11. a3 Ne4 12. Nxe4 Bxe4 13. O-O O-O 14. Nd2 Nf6 15.
Nxe4 Nxe4 16. Qc2 Nxg3 17. hxg3 Qe7 18. Rfb1 axb4 19. axb4 c6 20. Ra2 Ra7 21.
Rxa7 Bxa7 22. Ra1 b5 23. Qa2 Bb6 24. Qa6 Rb8 25. Bd3 g6 26. Bc2 Kg7 27. Kf1 Qc7
28. Qa2 Rb7 29. Qb2 Ra7 30. Bb1 h5 31. Ke2 Rxa1 32. Qxa1 Qa7 33. Qb2 Bc7
1/2-1/2

[Event "Int. Stuttgarter Stadtmeisterschaft B"]
[Site "Ditzingen"]
[Date "2014.05.29"]
[Round "1.39"]
[White "Schranz, Patrick"]
[Black "Kobald, Matthias"]
[Result "0-1"]
[WhiteElo "1512"]
[BlackElo "1732"]
[PlyCount "82"]
[EventDate "2014.??.??"]
[WhiteTeam "SC Feuerbach e. V."]
[BlackTeam "SV Stuttgart-Wolfbusch 1956 e.V."]

1. e4 e5 2. Nf3 Nc6 3. Bc4 Nd4 4. Nxd4 exd4 5. O-O Bc5 6. d3 d6 7. Bf4 Be6 8.
Nd2 Qd7 9. Bxe6 fxe6 10. Nb3 Bb6 11. Qh5+ g6 12. Qg5 Ne7 13. e5 d5 14. Qh4
O-O-O 15. Bg5 Nf5 16. Qg4 h5 17. Qe2 Rdf8 18. a4 c6 19. a5 Bd8 20. Bxd8 Rxd8
21. Nc5 Qe7 22. b4 g5 23. Rfb1 Rdg8 24. a6 b6 25. Na4 g4 26. c4 h4 27. cxd5
exd5 28. e6 Rh6 29. Re1 g3 30. Qe5 gxf2+ 31. Kxf2 Ne3 32. Rxe3 dxe3+ 33. Qxe3
Rxe6 34. Nxb6+ axb6 35. a7 Rf8+ 36. Kg1 Kb7 37. Qd2 Re2 38. Qd1 Qe3+ 39. Kh1 h3
40. gxh3 Qf3+ 41. Kg1 Qg2# 0-1

[Event "Int. Stuttgarter Stadtmeisterschaft B"]
[Site "Ditzingen"]
[Date "2014.05.29"]
[Round "1.40"]
[White "Schmitz, Harald"]
[Black "J�ttner, Maik"]
[Result "1-0"]
[WhiteElo "1726"]
[BlackElo "1505"]
[PlyCount "85"]
[EventDate "2014.??.??"]
[WhiteTeam "SC Aidlingen"]
[BlackTeam "SpVgg Rommelshausen"]

1. e4 e6 2. d4 d5 3. exd5 exd5 4. Bd3 Be6 5. Ne2 c5 6. c3 Nc6 7. O-O Qc7 8. Bf4
Bd6 9. Bxd6 Qxd6 10. dxc5 Qxc5 11. Re1 O-O-O 12. Nd2 g5 13. Nf3 h6 14. Ned4 Bd7
15. Qc2 Nge7 16. Re2 Bg4 17. Re3 Bxf3 18. Rxf3 Ne5 19. Re3 Nxd3 20. Qxd3 Kb8
21. Rae1 Nc6 22. b4 Qb6 23. a3 Nxd4 24. cxd4 Rc8 25. Re7 Rc4 26. Qg3+ Kc8 27.
Qg4+ Kb8 28. Qd7 Rd8 29. Re8 Rcc8 30. Rxd8 Qxd8 31. Qxf7 Rc7 32. Qe8 Kc8 33.
Qe6+ Kb8 34. Qxh6 Rc6 35. Qg7 Rc7 36. Qe5 Kc8 37. g3 b6 38. Qf5+ Kb7 39. Re5
Kc6 40. a4 Qg8 41. Re6+ Kb7 42. Qxd5+ Kb8 43. Rxb6+ 1-0

[Event "Int. Stuttgarter Stadtmeisterschaft B"]
[Site "Ditzingen"]
[Date "2014.05.29"]
[Round "1.41"]
[White "Kalwei, Reinhard"]
[Black "Ziegler, Michael"]
[Result "0-1"]
[WhiteElo "1489"]
[BlackElo "1722"]
[PlyCount "90"]
[EventDate "2014.??.??"]
[WhiteTeam "SC Aidlingen"]
[BlackTeam "SF 59 Kornwestheim"]

1. e4 c5 2. Nf3 d6 3. d4 cxd4 4. Nxd4 Bd7 5. Bc4 Nc6 6. O-O Nf6 7. Re1 g6 8. a3
Bg7 9. Nc3 O-O 10. Nf3 a6 11. Bg5 b5 12. Bxf6 Bxf6 13. Bd5 Bxc3 14. bxc3 Rc8
15. a4 bxa4 16. Rxa4 Na5 17. Ra3 Rc5 18. Qd2 Qc7 19. Rea1 e6 20. Bb3 Rc8 21.
Rd1 Nxb3 22. Rxb3 Rxc3 23. Rxc3 Qxc3 24. Qxc3 Rxc3 25. Rxd6 Rxc2 26. Rd1 Bb5
27. Nd4 Rb2 28. Nxb5 axb5 29. Rd8+ Kg7 30. f3 b4 31. Rb8 b3 32. h3 Kf6 33. Kh2
h5 34. h4 Ke5 35. Kg3 Kd4 36. Rb7 f5 37. exf5 gxf5 38. f4 Kc3 39. Rb6 Re2 40.
Kf3 Re4 41. Rc6+ Rc4 42. Rxe6 b2 43. Re3+ Kb4 44. Re8 Rc3+ 45. Ke2 Rc5 0-1

[Event "Int. Stuttgarter Stadtmeisterschaft B"]
[Site "Ditzingen"]
[Date "2014.05.29"]
[Round "1.42"]
[White "Triantafillidis, Zoe"]
[Black "Sax, Leon"]
[Result "1-0"]
[WhiteElo "1721"]
[BlackElo "1475"]
[PlyCount "51"]
[EventDate "2014.??.??"]
[WhiteTeam "SF HN-Biberach 1978 e.V."]
[BlackTeam "SK Sachsenheim"]

1. e4 e6 2. d4 d5 3. exd5 exd5 4. Nc3 Nc6 5. Nf3 Bg4 6. Be2 Bd6 7. O-O Nge7 8.
Be3 a6 9. Qd2 Qd7 10. Rfe1 f6 11. Bf4 O-O-O 12. Na4 g5 13. Bxd6 Qxd6 14. Nxg5
f5 15. Bxg4 Qg6 16. Bh3 Rhg8 17. Nf3 Qh5 18. Kh1 Rd6 19. Qf4 Rh6 20. Nc5 Kb8
21. Re6 Rhg6 22. Rxg6 Nxg6 23. Qxf5 Qh6 24. Qf7 Nce7 25. Qe6 Qh5 26. Nd7+ 1-0

[Event "Int. Stuttgarter Stadtmeisterschaft B"]
[Site "Ditzingen"]
[Date "2014.05.29"]
[Round "1.43"]
[White "Giugno, Carmelo"]
[Black "Kusch, Jacek"]
[Result "0-1"]
[WhiteElo "1447"]
[BlackElo "1720"]
[PlyCount "116"]
[EventDate "2014.??.??"]
[WhiteTeam "Stuttgarter SF 1879"]
[BlackTeam "SV Urach"]

1. d4 d5 2. c4 e6 3. Nc3 Nf6 4. Nf3 Nbd7 5. Bg5 Be7 6. e3 O-O 7. Be2 dxc4 8.
Bxc4 a6 9. a4 b6 10. O-O Bb7 11. Be2 Rc8 12. Rc1 c5 13. Bxf6 Nxf6 14. dxc5 Bxc5
15. Qxd8 Rfxd8 16. Rfd1 Bd6 17. h3 h6 18. Nd4 Be5 19. f3 Rd7 20. Rc2 Nd5 21.
Kf2 Rcd8 22. Rcd2 Bg3+ 23. Kxg3 Nxe3 24. Rc1 Rxd4 25. Rxd4 Rxd4 26. Kf2 Nf5 27.
Rd1 Rxd1 28. Nxd1 a5 29. Nc3 Bc6 30. Bd3 Ne7 31. Ke3 Kf8 32. Kd4 Ke8 33. Ke5
Kd7 34. b3 f6+ 35. Kd4 g5 36. Be4 e5+ 37. Kc4 Kd6 38. Bxc6 Kxc6 39. g4 f5 40.
Kd3 Kc5 41. Na2 b5 42. gxf5 Nxf5 43. Ke4 Nd4 44. axb5 Kxb5 45. Ke3 Nxb3 46. Kd3
Nd4 47. Ke4 a4 48. h4 gxh4 49. f4 h3 50. Nc3+ Kc4 51. Nd1 exf4 52. Kxf4 a3 53.
Ne3+ Kb3 54. Nf1 h2 55. Nxh2 a2 56. Nf1 a1=Q 57. Nd2+ Kc2 58. Ke3 Qc3+ 0-1

[Event "Int. Stuttgarter Stadtmeisterschaft B"]
[Site "Ditzingen"]
[Date "2014.05.29"]
[Round "1.44"]
[White "Goda, Frederic"]
[Black "Malitte, Matthias"]
[Result "0-1"]
[WhiteElo "1718"]
[BlackElo "1425"]
[PlyCount "86"]
[EventDate "2014.??.??"]
[WhiteTeam "SC Wei�e Dame Ulm e.V."]
[BlackTeam "SV Leonberg 1978 eV"]

1. d4 Nf6 2. c4 g6 3. Nc3 Bg7 4. e4 O-O 5. Nf3 d6 6. Be3 Nbd7 7. h3 c5 8. d5
Qa5 9. Nd2 Ne8 10. Be2 Bxc3 11. bxc3 Qxc3 12. O-O Ne5 13. Rb1 Qa3 14. Qc2 Qa5
15. Bh6 Ng7 16. Qb2 f6 17. Be3 Rb8 18. f4 Nf7 19. Nb3 Qa4 20. Qd2 b6 21. Na5
Bd7 22. Nb3 b5 23. Bxc5 bxc4 24. Bxd6 exd6 25. Na5 c3 26. Qxc3 Rxb1 27. Rxb1
Qxe4 28. Rb7 Bxh3 29. Bf3 Qxf4 30. gxh3 Qg3+ 31. Kf1 Ng5 32. Qc7 Qxf3+ 33. Kg1
Qg3+ 34. Kf1 Qxh3+ 35. Kg1 Qg3+ 36. Kf1 Qh3+ 37. Kg1 Qh6 38. Rb8 Ne8 39. Qxa7
Qg7 40. Qe3 Nc7 41. Rb7 Qd7 42. Nc6 Re8 43. Rxc7 Qg4+ 0-1

[Event "Int. Stuttgarter Stadtmeisterschaft B"]
[Site "Ditzingen"]
[Date "2014.05.29"]
[Round "1.45"]
[White "Handel, Oliver"]
[Black "Steinhart, Matthias"]
[Result "0-1"]
[WhiteElo "1597"]
[BlackElo "1779"]
[PlyCount "26"]
[EventDate "2014.??.??"]
[WhiteTeam "SF 59 Kornwestheim"]
[BlackTeam "SF Freiberg"]

1. e4 e5 2. Nf3 Nc6 3. Bb5 a6 4. Ba4 Nf6 5. O-O b5 6. Bb3 Bb7 7. Re1 Bc5 8. c3
Ng4 9. d4 exd4 10. cxd4 Nxd4 11. Nxd4 Qh4 12. Nf3 Qxf2+ 13. Kh1 Qg1+ 0-1

[Event "Int. Stuttgarter Stadtmeisterschaft B"]
[Site "Ditzingen"]
[Date "2014.05.29"]
[Round "1.46"]
[White "Mayer, Dietmar"]
[Black "Raabe, Stephan"]
[Result "1-0"]
[WhiteElo "1758"]
[BlackElo "1575"]
[PlyCount "69"]
[EventDate "2014.??.??"]
[WhiteTeam "SC B�blingen 1975 e.V."]
[BlackTeam "SF Freiberg"]

1. d4 d5 2. Nf3 e6 3. Bf4 c5 4. e3 Nf6 5. Nbd2 Nc6 6. Bd3 cxd4 7. exd4 Bd7 8.
c3 Be7 9. Ne5 Bd6 10. Nxf7 Kxf7 11. Bxd6 Be8 12. Bg3 Rf8 13. Qe2 Qd7 14. Nf3
Kg8 15. Ne5 Nxe5 16. Bxe5 Bh5 17. Qc2 Qf7 18. O-O Kh8 19. Rae1 h6 20. h3 Ne4
21. Bxe4 dxe4 22. Qxe4 Bg6 23. Qe3 Bf5 24. Qxh6+ Kg8 25. Qe3 Qg6 26. Qg3 Qh7
27. Re3 Rf7 28. Rd1 Raf8 29. f4 Bb1 30. d5 exd5 31. Rxd5 Bxa2 32. Ra5 a6 33.
Qe1 Bc4 34. Bd6 Rd8 35. Re8+ 1-0

[Event "Int. Stuttgarter Stadtmeisterschaft B"]
[Site "Ditzingen"]
[Date "2014.05.29"]
[Round "1.47"]
[White "Kreiner, Bernhard"]
[Black "Koeller, Horst"]
[Result "1/2-1/2"]
[WhiteElo "1409"]
[BlackElo "1718"]
[PlyCount "101"]
[EventDate "2014.??.??"]
[WhiteTeam "SC Neckarsulm e.V."]

1. d4 e6 2. c3 Nf6 3. Bg5 Be7 4. Bxf6 Bxf6 5. b4 d5 6. e3 g6 7. Nf3 Nd7 8. Bb5
c6 9. Bd3 Bg7 10. a4 O-O 11. Nbd2 e5 12. Nxe5 Nxe5 13. dxe5 Bxe5 14. Rc1 Qf6
15. Qc2 Be6 16. O-O Bd6 17. Nb3 Qe5 18. g3 Bh3 19. Rfe1 Qf6 20. Bf1 Bxf1 21.
Rxf1 h5 22. f4 Rae8 23. Rf3 g5 24. Rf2 g4 25. Re2 Re4 26. a5 Rfe8 27. Rce1 Rc4
28. Rc1 Bxb4 29. cxb4 Rxc2 30. Rcxc2 Re4 31. Nd4 Qe7 32. Kf2 Qxb4 33. Rb2 Qxa5
34. Rxb7 c5 35. Nf5 d4 36. Ne7+ Kh7 37. Nf5 dxe3+ 38. Nxe3 Ra4 39. Rxf7+ Kg8
40. Rf5 Ra2 41. Rg5+ Kf8 42. Rf5+ Ke8 43. Nc4+ Rxe2+ 44. Kxe2 Qa2+ 45. Nd2 c4
46. Rc5 Qc2 47. Rxc4 Qa2 48. Rc5 Qa6+ 49. Ke3 Qa3+ 50. Kd4 Qb4+ 51. Nc4 1/2-1/2

[Event "Int. Stuttgarter Stadtmeisterschaft B"]
[Site "Ditzingen"]
[Date "2014.05.29"]
[Round "1.48"]
[White "Vogel, Karlheinz"]
[Black "Bauer, Frank"]
[Result "1-0"]
[WhiteElo "1706"]
[BlackElo "1350"]
[PlyCount "79"]
[EventDate "2014.??.??"]
[WhiteTeam "SV 23 B�ckingen"]
[BlackTeam "SC Feuerbach e. V."]

1. d4 f5 2. c4 Nf6 3. Bg5 c6 4. Bxf6 exf6 5. Nc3 Bb4 6. Rc1 O-O 7. Qb3 Be7 8.
g3 Qe8 9. Bg2 Na6 10. c5+ Kh8 11. e3 d6 12. cxd6 Bxd6 13. Nge2 Rb8 14. Nf4 Bxf4
15. gxf4 Bd7 16. Na4 g5 17. fxg5 fxg5 18. O-O Qg6 19. Nc5 Nxc5 20. Rxc5 f4 21.
exf4 gxf4 22. Qf3 Rg8 23. Kh1 Rbe8 24. h4 Bg4 25. Qxf4 Rgf8 26. Qg5 Bf3 27.
Qxg6 hxg6 28. Re5 Rxe5 29. dxe5 Bd5 30. Bxd5 cxd5 31. f4 Rf5 32. Kg2 Kg7 33.
Kf3 Kf7 34. Rc1 Ke6 35. Rc7 Rf7 36. Rxf7 Kxf7 37. Ke3 Ke6 38. Kd4 b6 39. b4 a6
40. a4 1-0

[Event "Int. Stuttgarter Stadtmeisterschaft B"]
[Site "Ditzingen"]
[Date "2014.05.29"]
[Round "1.49"]
[White "Albert, Rafael Edwin"]
[Black "Atasoy, Tarik"]
[Result "0-1"]
[WhiteElo "1306"]
[BlackElo "1700"]
[PlyCount "96"]
[EventDate "2014.??.??"]
[WhiteTeam "SF 59 Kornwestheim"]
[BlackTeam "Schachverein Letmathe 1933 e.V."]

1. e4 c5 2. Nf3 d6 3. d4 cxd4 4. Nxd4 Nf6 5. Nc3 a6 6. Bc4 e6 7. O-O Be7 8. Be3
Qc7 9. Bb3 O-O 10. Re1 b5 11. a3 Nc6 12. Nxc6 Qxc6 13. Qd3 Bb7 14. f3 Nd7 15.
Rad1 Nc5 16. Bxc5 dxc5 17. Qd7 Rfe8 18. Qxc6 Bxc6 19. Kh1 c4 20. Ba2 Red8 21.
Ne2 Bf6 22. c3 e5 23. Bb1 Bg5 24. Ng3 g6 25. Bc2 Kf8 26. Rf1 Ke7 27. Ne2 Rd2
28. Rxd2 Bxd2 29. f4 f6 30. fxe5 fxe5 31. Ng1 Rf8 32. Rxf8 Kxf8 33. Nf3 Bc1 34.
Nxe5 Be8 35. b3 cxb3 36. Bxb3 Bxa3 37. g3 Bb2 38. Ng4 Bxc3 39. Kg2 a5 40. Kf3
a4 41. Ba2 b4 42. e5 b3 43. Bb1 a3 44. Nf6 a2 45. Nxh7+ Ke7 46. h4 axb1=Q 47.
Nf6 Bc6+ 48. Kf2 Qe1# 0-1